000
00333nam a2200145Ia 4500
008
230718s9999 xx 000 0 und d
041
_a
Eng.
082
_a
320
_b
SAR-I
100
_a
Sarwar, Muhammad
245
0
_a
Introduction to Political
260
_a
Pakistan
_b
Ilmi kitab
_c
2011
300
_a
374
650
_a
Law
999
_c
31116
_d
31116